Normal view
MARC view
- الحضارة الاسلامية
Entry Topical Term
001 - CONTROL NUMBER
- control field: 11301
003 - CONTROL NUMBER IDENTIFIER
- control field: JO-AjAnu
005 - DATE AND TIME OF LATEST TRANSACTION
- control field: 20230606072120.0
008 - FIXED-LENGTH DATA ELEMENTS
- fixed length control field: 230606|| aca||aabn | a|a d
040 ## - CATALOGING SOURCE
- Original cataloging agency: JO-AjAnu
- Transcribing agency: JO-AjAnu
150 ## - HEADING--TOPICAL TERM
- Topical term or geographic name entry element: الحضارة الاسلامية
670 ## - SOURCE DATA FOUND
- Source citation: Work cat.: (JO-AjAnu)5820: تاليف السرهيد، عارف محمد مفلح, author 11300, المجمع الملكي لبحوث الحضارة الاسلامية(مؤسسة ال البيت) نشأتة، أهدافة، نشاطاتة